| 000 | 00347 a2200157 4500 | ||
|---|---|---|---|
| 001 | 191996 | ||
| 020 | _a978-85-8425-288-6 | ||
| 040 | _cMagnum | ||
| 100 | _aFerreira, LavĂnia Rocha | ||
| 240 | 1 | 0 |
_aUm amor em barcelona _lpor |
| 245 | 1 | 0 | _aUm amor em barcelona |
| 300 | _a77 | ||
| 362 | 0 | _a2016 | |
| 697 | _aLITERATURA JUVENIL | ||
| 942 | _cBK | ||
| 999 |
_c191996 _d191996 |
||